Una práctica de intervención directa construida desde la CIDN /
Se realiza una descripción de la intervención directa realizada a partir de la Convención de los Derechos del Niño por parte de un equipo multidisciplinario, que pretende generar información viable a ser utilizada para erradicar la discriminación y las violaciones que sufre el niño a partir de las p...
Sparad:
| Huvudupphovsman: | |
|---|---|
| Materialtyp: | Text |
| Språk: | Spanish |
| Ämnen: | |
| Taggar: |
Lägg till en tagg
Inga taggar, Lägg till första taggen!
|
MARC
| LEADER | 00000 a a2200000 04500 | ||
|---|---|---|---|
| 001 | 26087 | ||
| 003 | cru IIS | ||
| 005 | 20220330113539.0 | ||
| 008 | 220330b |||||||| |||| 00| 0 spa d | ||
| 040 | |c cru IIS | ||
| 100 | 1 | |a Pignata, Noris |9 10357 |e Autora | |
| 245 | 1 | |a Una práctica de intervención directa construida desde la CIDN / |c Noris Pignata | |
| 300 | |a páginas 355-368 | ||
| 520 | |a Se realiza una descripción de la intervención directa realizada a partir de la Convención de los Derechos del Niño por parte de un equipo multidisciplinario, que pretende generar información viable a ser utilizada para erradicar la discriminación y las violaciones que sufre el niño a partir de las políticas públicas aplicadas por el Estado.WMV | ||
| 650 | |a POLITICAS PUBLICAS | ||
| 650 | |a NIÑOS | ||
| 650 | |a DERECHOS DEL NIÑO | ||
| 650 | |a INTERVENCION DEL ESTADO | ||
| 650 | |a INVESTIGACION SOCIAL | ||
| 650 | |a EQUIPO DE INVESTIGACION | ||
| 773 | 0 | |0 43626 |9 5231 |a Jornadas Internacionales de Investigación Social sobre Infancia y Adolescencia, la Convención de los derechos del Niño y las Prácticas Sociales. |d Córdoba, Argentina : UNICEF; Fundación Antorchas; Fundación INCIDE; Municipalidad de Córdoba ; Colegio de Profesionales de Trabajo Social de Córdoba ; Colegio de Escribanos de la Provincia de Cordoba, 2000 |o 21150 |t Ponencias / | |
| 942 | |2 ddc |c LI | ||
| 999 | |c 14416 |d 14416 | ||
